000 00842nam a2200253 i 4500
001 147568
003 ES-MaACL
005 20230906202111.0
007 t|
008 071003s1963 sp ||||1| spa d
080 _a949.502"0527/65"
080 _a92(Justiniano (495.02)I)
100 1 _aUre, Percy Neville.
_9112121
245 1 0 _aJustiniano y su época /
_cPercy Neville Ure ; traducción de Pablo Sela Hoffman.
260 _aMadrid :
_bRevista de Derecho Privado,
_c[1963]
300 _aVIII, 319 p. con 1 map. ;
_c19 cm.
490 1 _aBiografías
600 1 4 _aJustiniano
_bI
_cEmperador de Oriente.
_967359
651 4 _aImperio bizantino-
_xHistoria-
_y527-565 (Justiniano I)
_98835
700 1 _aSela Hoffman, Pablo.
_9105286
830 0 _aBiografías
_9180531
852 _aES-MaACL
_jC-23406
_bR.51949
999 _c147568
_d147568